[Event "IECG CP.2000.Q.00022"]
[Site "IECG email"]
[Date "2001.10.01"]
[Round "?"]
[White "Fabri, Peter"]
[Black "Alvebring, Martin"]
[Result "1/2-1/2"]
[WhiteElo "2003"]
[BlackElo "2175"]
[PlyCount "65"]
[EventDate "2001.10.01"]
[EventType "tourn (corr)"]
[EventRounds "6"]
[SourceTitle "Corr 2008"]
[Source "ChessBase"]
[SourceDate "2008.06.24"]
[SourceVersion "1"]
[SourceVersionDate "2008.06.24"]
[SourceQuality "1"]

1. d4 d5 2. Nf3 c6 3. c4 Nf6 4. Nc3 e6 5. e3 Nbd7 6. Bd3 dxc4 7. Bxc4 b5 8. Bd3 Bb7 9. 0-0 a6 10. e4 c5 11. d5 c4 12. dxe6 cxd3 13. exd7+ Qxd7 14. Bg5 Be7 15. Ne5 Qd4 16. Nf3 Qd7 17. Re1 Rd8 18. Bxf6 Bxf6 19. Nd5 Bxd5 20. exd5+ Kf8 21. Qxd3 Qxd5 22. Qa3+ Qd6 23. Qb3 Qd3 24. Qb4+ Qd6 25. Qb3 Qd3 26. Qxd3 Rxd3 27. Rac1 g6 28. Rc6 Bxb2 29. Rxa6 Kg7 30. Ra7 Bc3 31. Rb1 h6 32. h3 Rd5 33. Kf1 1/2-1/2

[Event "IECG CP.2001.P.00067"]
[Site "IECG email"]
[Date "2001.10.01"]
[Round "?"]
[White "Fabri, Peter"]
[Black "Schubert, Steffen"]
[Result "1/2-1/2"]
[WhiteElo "2003"]
[BlackElo "1879"]
[PlyCount "88"]
[EventDate "2001.10.01"]
[EventType "tourn (corr)"]
[EventRounds "6"]
[SourceTitle "Corr 2008"]
[Source "ChessBase"]
[SourceDate "2008.06.24"]
[SourceVersion "1"]
[SourceVersionDate "2008.06.24"]
[SourceQuality "1"]

1. d4 Nf6 2. Nf3 d5 3. e3 e6 4. Bd3 c5 5. c3 Nbd7 6. Nbd2 Bd6 7. 0-0 0-0 8. Re1 Qc7 9. e4 cxd4 10. cxd4 dxe4 11. Nxe4 Nxe4 12. Rxe4 Nb6 13. Re1 Nd5 14. Bd2 Qb6 15. Qc2 h6 16. Bh7+ Kh8 17. Be4 Bd7 18. Ne5 Bc6 19. Nc4 Qc7 20. Nxd6 Qxd6 21. Qc5 Rfd8 22. Rac1 Rac8 23. Qxd6 Rxd6 24. Bd3 Rcd8 25. f3 a5 26. Be4 a4 27. Kf2 Nf6 28. Bxc6 Rxc6 29. Rxc6 bxc6 30. Rc1 Rb8 31. Rc2 Nd5 32. Ke2 Kh7 33. Kd3 Rb5 34. h4 Kg6 35. Rc4 Rxb2 36. Rxa4 Rb1 37. g4 Rf1 38. Ke2 Rh1 39. h5+ Kf6 40. Ba5 Kg5 41. Bd2+ Kf6 42. Rc4 Rh2+ 43. Ke1 Rh1+ 44. Ke2 Rh2+ 1/2-1/2

[Event "IECG CP.2001.P.00067"]
[Site "IECG email"]
[Date "2001.10.01"]
[Round "?"]
[White "Stadler, Pavel"]
[Black "Fabri, Peter"]
[Result "1/2-1/2"]
[WhiteElo "1685"]
[BlackElo "2003"]
[PlyCount "39"]
[EventDate "2001.10.01"]
[EventType "tourn (corr)"]
[EventRounds "6"]
[SourceTitle "Corr 2008"]
[Source "ChessBase"]
[SourceDate "2008.06.24"]
[SourceVersion "1"]
[SourceVersionDate "2008.06.24"]
[SourceQuality "1"]

1. e4 c5 2. Nf3 d6 3. d4 cxd4 4. Nxd4 Nf6 5. Nc3 a6 6. Bg5 e6 7. f4 Qb6 8. Qd2 Qxb2 9. Nb3 Qa3 10. Bxf6 gxf6 11. Be2 Nc6 12. 0-0 Bd7 13. Rf3 Rc8 14. Kh1 h6 15. Rd1 Be7 16. Rg3 h5 17. Rh3 h4 18. Qe1 Nb4 19. Nb1 Qa4 20. Nc3 1/2-1/2

[Event "IECG TE.1999.F.00201 email"]
[Site "IECG email"]
[Date "2001.03.23"]
[Round "?"]
[White "Cervinka, Rudolf"]
[Black "Fabri, Peter"]
[Result "0-1"]
[WhiteElo "1622"]
[BlackElo "2023"]
[PlyCount "92"]
[EventDate "2001.03.23"]
[EventType "tourn (corr)"]
[EventRounds "14"]
[SourceTitle "Corr 2008"]
[Source "ChessBase"]
[SourceDate "2008.06.24"]
[SourceVersion "1"]
[SourceVersionDate "2008.06.24"]
[SourceQuality "1"]

1. c4 e5 2. Nc3 Nf6 3. Nf3 Nc6 4. g3 Bc5 5. Bg2 d6 6. 0-0 0-0 7. a3 a6 8. d3 Ba7 9. b4 Be6 10. Bb2 h6 11. Qd2 Qd7 12. Rfd1 Bh3 13. Bh1 Qg4 14. Rac1 Rfe8 15. Nd5 Nxd5 16. cxd5 Ne7 17. Rxc7 Nxd5 18. Rc4 Qe6 19. Rdc1 Bb6 20. e3 a5 21. b5 Nf6 22. d4 d5 23. R4c2 e4 24. Ne5 Nh7 25. a4 Nf8 26. Ba3 Kh7 27. Rc6 bxc6 28. Rxc6 Qf5 29. Rxb6 Ng6 30. Nxg6 fxg6 31. Rc6 Qh5 32. Bd6 Re6 33. Qe1 Rf6 34. Bf4 Rxc6 35. bxc6 g5 36. Be5 Qe8 37. c7 Qxa4 38. Qc1 Qb5 39. Bd6 Rc8 40. Qe1 Qa6 41. Be5 a4 42. Bg2 Bxg2 43. Kxg2 a3 44. Qa1 a2 45. h4 Qe2 46. hxg5 hxg5 0-1

[Event "IECG TE.1999.F.00201 email"]
[Site "IECG email"]
[Date "2001.03.23"]
[Round "?"]
[White "Fabri, Peter"]
[Black "Cervinka, Rudolf"]
[Result "1/2-1/2"]
[WhiteElo "2023"]
[BlackElo "1622"]
[PlyCount "93"]
[EventDate "2001.03.23"]
[EventType "tourn (corr)"]
[EventRounds "14"]
[SourceTitle "Corr 2008"]
[Source "ChessBase"]
[SourceDate "2008.06.24"]
[SourceVersion "1"]
[SourceVersionDate "2008.06.24"]
[SourceQuality "1"]

1. c4 e5 2. Nc3 Nf6 3. Nf3 Nc6 4. g3 Bc5 5. Bg2 0-0 6. 0-0 d6 7. d3 h6 8. a3 a5 9. e3 Bb6 10. d4 Bg4 11. h3 Bh5 12. g4 Bg6 13. c5 Ba7 14. Qb3 exd4 15. exd4 dxc5 16. Ne5 Nxd4 17. Qxb7 c6 18. Nxc6 Nxc6 19. Bxc6 Rc8 20. Rd1 Qb6 21. Qxb6 Bxb6 22. Bb5 Rfd8 23. Be3 Rb8 24. Rxd8+ Bxd8 25. Bf4 Rb7 26. Rd1 Be7 27. Re1 Kf8 28. Be5 h5 29. f3 c4 30. Bxf6 gxf6 31. gxh5 Bxh5 32. Kg2 Bg6 33. f4 Bd3 34. Kf3 f5 35. Re5 Rb8 36. Ke3 Bd6 37. Rd5 Ke7 38. Kd4 Bxf4 39. Bxc4 Bxc4 40. Kxc4 Bc1 41. Rxa5 Bxb2 42. Nd5+ Kd6 43. Nf4 Rc8+ 44. Kb3 Rb8+ 45. Kc2 f6 46. Rd5+ Ke7 47. Rd3 1/2-1/2

[Event "IECG TE.1999.F.00201 email"]
[Site "IECG email"]
[Date "2001.03.23"]
[Round "?"]
[White "Fabri, Peter"]
[Black "Loeschnauer, Ruediger"]
[Result "0-1"]
[WhiteElo "2023"]
[BlackElo "2142"]
[PlyCount "98"]
[EventDate "2001.03.23"]
[EventType "tourn (corr)"]
[EventRounds "14"]
[SourceTitle "Corr 2008"]
[Source "ChessBase"]
[SourceDate "2008.06.24"]
[SourceVersion "1"]
[SourceVersionDate "2008.06.24"]
[SourceQuality "1"]

1. c4 e5 2. Nc3 Nf6 3. Nf3 Nc6 4. g3 Bc5 5. Bg2 e4 6. Ng1 Qe7 7. Qc2 Nb4 8. Qb1 d5 9. a3 Na6 10. cxd5 Bf5 11. Qa2 Rd8 12. Qc4 Bb6 13. Nh3 Qc5 14. Qxc5 Nxc5 15. b4 Nb3 16. Rb1 Nxc1 17. Rxc1 0-0 18. Nf4 g5 19. Bh3 Bxh3 20. Nxh3 h6 21. Ng1 Rfe8 22. h4 g4 23. e3 a5 24. Nge2 Nxd5 25. Nxd5 Rxd5 26. Nf4 Rb5 27. Rc4 axb4 28. axb4 Ra8 29. 0-0 f5 30. d3 exd3 31. Rd1 Ra4 32. Nxd3 Rd5 33. Kf1 Kg7 34. Ke1 c6 35. Rc2 Kf6 36. Nc5 Rxd1+ 37. Kxd1 Bxc5 38. bxc5 Ke5 39. Rb2 Ke4 40. Rxb7 Kf3 41. Rh7 Kxf2 42. Rxh6 Kxg3 43. Rxc6 Kh2 44. Rf6 g3 45. Rxf5 g2 46. Rg5 Ra2 47. c6 g1Q+ 48. Rxg1 Kxg1 49. c7 Ra8 0-1

[Event "IECG TE.1999.F.00201 email"]
[Site "IECG email"]
[Date "2001.03.23"]
[Round "?"]
[White "Loeschnauer, Ruediger"]
[Black "Fabri, Peter"]
[Result "1/2-1/2"]
[WhiteElo "2142"]
[BlackElo "2023"]
[PlyCount "103"]
[EventDate "2001.03.23"]
[EventType "tourn (corr)"]
[EventRounds "14"]
[SourceTitle "Corr 2008"]
[Source "ChessBase"]
[SourceDate "2008.06.24"]
[SourceVersion "1"]
[SourceVersionDate "2008.06.24"]
[SourceQuality "1"]

1. c4 e5 2. Nc3 Nf6 3. Nf3 Nc6 4. g3 Bc5 5. Nxe5 Bxf2+ 6. Kxf2 Nxe5 7. e4 c5 8. Be2 0-0 9. d3 d6 10. Kg2 Be6 11. h3 Re8 12. Nd5 Bxd5 13. cxd5 Rc8 14. Qb3 Qc7 15. Bf4 c4 16. dxc4 Nxc4 17. Bd3 Qc5 18. Rhe1 Qd4 19. Qc3 Qxc3 20. bxc3 Ne5 21. Bb5 Re7 22. Re3 Nh5 23. Rb1 Nxf4+ 24. gxf4 Ng6 25. Kf3 a6 26. Ba4 b5 27. Bc2 f5 28. e5 dxe5 29. d6 e4+ 30. Kg3 Rb7 31. Rd1 Nf8 32. Bb3+ Kh8 33. c4 g6 34. Rc3 Rc5 35. Rc2 Kg7 36. cxb5 Rxc2 37. Bxc2 axb5 38. Bb3 Kf6 39. Kf2 Rd7 40. Ke3 Ne6 41. Rd5 g5 42. fxg5+ Nxg5 43. h4 Nf3 44. h5 Ne1 45. Kf2 Nd3+ 46. Ke3 Kg5 47. a4 Nf4 48. Rd4 bxa4 49. Bxa4 Rd8 50. Bd1 Ne6 51. Rd5 Rd7 52. Ba4 1/2-1/2

[Event "IECG TE.1999.S.00101 email"]
[Site "IECG email"]
[Date "2001.02.16"]
[Round "?"]
[White "Hucks, Lewis A"]
[Black "Fabri, Peter"]
[Result "1-0"]
[WhiteElo "1666"]
[BlackElo "2060"]
[PlyCount "63"]
[EventDate "2001.02.16"]
[EventType "tourn (corr)"]
[EventRounds "12"]
[SourceTitle "Corr 2008"]
[Source "ChessBase"]
[SourceDate "2008.06.24"]
[SourceVersion "1"]
[SourceVersionDate "2008.06.24"]
[SourceQuality "1"]

1. d4 Nf6 2. c4 g6 3. Nc3 Bg7 4. e4 d6 5. f3 0-0 6. Be3 Nc6 7. Nge2 a6 8. Qd2 Rb8 9. h4 h5 10. 0-0-0 b5 11. Bh6 Bxh6 12. Qxh6 e5 13. dxe5 Nxe5 14. Nf4 bxc4 15. Be2 Re8 16. g4 Bxg4 17. Nxg6 fxg6 18. fxg4 hxg4 19. h5 gxh5 20. Nd5 Kf7 21. Rdf1 Nf3 22. Bxf3 Rh8 23. Qf4 gxf3 24. Rxf3 Rb5 25. Qxf6+ Qxf6 26. Rxf6+ Ke8 27. Nxc7+ Kd8 28. Nxb5 axb5 29. Rxd6+ Kc7 30. Rf6 h4 31. Rh3 Kd7 32. Rf4 1-0

[Event "IECG TE.1999.S.00101 email"]
[Site "IECG email"]
[Date "2001.02.16"]
[Round "?"]
[White "Perez, Giorgio"]
[Black "Fabri, Peter"]
[Result "1/2-1/2"]
[WhiteElo "1914"]
[BlackElo "2060"]
[PlyCount "112"]
[EventDate "2001.02.16"]
[EventType "tourn (corr)"]
[EventRounds "12"]
[SourceTitle "Corr 2008"]
[Source "ChessBase"]
[SourceDate "2008.06.24"]
[SourceVersion "1"]
[SourceVersionDate "2008.06.24"]
[SourceQuality "1"]

1. d4 Nf6 2. c4 g6 3. Nc3 Bg7 4. e4 d6 5. f3 0-0 6. Be3 Nc6 7. Nge2 a6 8. Qd2 Rb8 9. Bh6 Bxh6 10. Qxh6 e5 11. 0-0-0 b5 12. h4 bxc4 13. h5 Qe7 14. d5 Na5 15. Ng3 Bd7 16. Be2 Rb4 17. f4 Rfb8 18. Rd2 exf4 19. Qxf4 Ne8 20. hxg6 fxg6 21. Bg4 Nf6 22. Bd1 Nb7 23. Rf1 Ne8 24. Rdf2 Ng7 25. Bc2 Nc5 26. Bb1 h5 27. Re1 h4 28. Nf1 Nh5 29. Qh6 Qg7 30. Qxg7+ Kxg7 31. Ne3 g5 32. a3 R4b7 33. Ref1 Nf4 34. Rxf4 gxf4 35. Nxc4 Nb3+ 36. Kc2 f3 37. gxf3 h3 38. Ba2 Nd4+ 39. Kd3 Nb5 40. Rg1+ Kh8 41. Ne2 Rg8 42. Rh1 Rg2 43. Ke3 Rb8 44. Nf4 Rg3 45. Bb1 Rbg8 46. Bd3 R8g7 47. Bf1 Rh7 48. Kf2 Rgg7 49. Bxh3 Rh6 50. Bg2 Rxh1 51. Bxh1 Nd4 52. Ke3 Nb3 53. Bg2 Rh7 54. Kd3 Rf7 55. Ke3 Rh7 56. Kd3 Rf7 1/2-1/2

[Event "IECG CP.2000.P.00093"]
[Site "IECG email"]
[Date "2000.10.01"]
[Round "?"]
[White "Champion, Christopher"]
[Black "Fabri, Peter"]
[Result "0-1"]
[WhiteElo "901"]
[BlackElo "2068"]
[PlyCount "34"]
[EventDate "2000.10.01"]
[EventType "tourn (corr)"]
[EventRounds "6"]
[EventCountry "ENG"]
[SourceTitle "Corr 2008"]
[Source "ChessBase"]
[SourceDate "2008.06.24"]
[SourceVersion "1"]
[SourceVersionDate "2008.06.24"]
[SourceQuality "1"]

1. e4 c5 2. Nf3 d6 3. d4 cxd4 4. Nxd4 Nf6 5. Nc3 a6 6. Be3 Ng4 7. Bg5 h6 8. Bh4 g5 9. Be2 Bg7 10. Bg3 h5 11. Bxg4 Bxg4 12. Qd2 h4 13. f3 hxg3 14. fxg4 gxh2 15. Nf3 Qa5 16. 0-0-0 Nd7 17. Nxh2 Rc8 0-1

[Event "IECG CP.1999.Q.00008"]
[Site "IECG email"]
[Date "2000.10.01"]
[Round "?"]
[White "Schubert, Steffen"]
[Black "Fabri, Peter"]
[Result "1-0"]
[WhiteElo "1731"]
[BlackElo "2066"]
[PlyCount "61"]
[EventDate "2000.10.01"]
[EventType "tourn (corr)"]
[EventRounds "8"]
[EventCountry "GER"]
[SourceTitle "Corr 2008"]
[Source "ChessBase"]
[SourceDate "2008.06.24"]
[SourceVersion "1"]
[SourceVersionDate "2008.06.24"]
[SourceQuality "1"]

1. e4 c5 2. Nf3 d6 3. d4 cxd4 4. Nxd4 Nf6 5. Nc3 a6 6. Bc4 e6 7. Bb3 b5 8. 0-0 Be7 9. Qf3 Qc7 10. Qg3 b4 11. Nce2 g6 12. Bh6 Nxe4 13. Qe3 d5 14. c4 bxc3 15. Nxc3 Nxc3 16. Rac1 Bb7 17. Rxc3 Qd7 18. Rfc1 Bd8 19. Qf4 Qe7 20. Ba4+ Nd7 21. Bxd7+ Qxd7 22. Rc7 Bxc7 23. Rxc7 f6 24. Rxd7 Kxd7 25. Qxf6 Rhe8 26. Qe5 Re7 27. Bg5 Rc8 28. f4 Rce8 29. Bxe7 Rxe7 30. Qb8 Bc8 31. Qa8 1-0

[Event "IECG L1.2000.0.00017 email"]
[Site "IECG email"]
[Date "2000.09.17"]
[Round "?"]
[White "Fabri, Peter"]
[Black "Grazinys, Vidmantas"]
[Result "1/2-1/2"]
[WhiteElo "2066"]
[BlackElo "2020"]
[PlyCount "47"]
[EventDate "2000.09.17"]
[EventType "tourn (corr)"]
[EventRounds "14"]
[SourceTitle "Corr 2008"]
[Source "ChessBase"]
[SourceDate "2008.06.24"]
[SourceVersion "1"]
[SourceVersionDate "2008.06.24"]
[SourceQuality "1"]

1. e4 e5 2. Nf3 Nc6 3. Bb5 a6 4. Ba4 Nf6 5. 0-0 Be7 6. Re1 b5 7. Bb3 0-0 8. c3 d6 9. h3 Na5 10. Bc2 c5 11. d4 Qc7 12. Nbd2 cxd4 13. cxd4 Bb7 14. Bd3 Rfc8 15. a4 b4 16. Nb3 Nxb3 17. Qxb3 a5 18. Bd2 exd4 19. Rac1 Qb6 20. Rxc8+ Rxc8 21. Ng5 Rf8 22. Ne6 Re8 23. Ng5 Rf8 24. Ne6 1/2-1/2

[Event "IECG L1.2000.0.00017 email"]
[Site "IECG email"]
[Date "2000.09.17"]
[Round "?"]
[White "Puntunet Roca, David"]
[Black "Fabri, Peter"]
[Result "1/2-1/2"]
[WhiteElo "2120"]
[BlackElo "2066"]
[PlyCount "50"]
[EventDate "2000.09.17"]
[EventType "tourn (corr)"]
[EventRounds "14"]
[SourceTitle "Corr 2008"]
[Source "ChessBase"]
[SourceDate "2008.06.24"]
[SourceVersion "1"]
[SourceVersionDate "2008.06.24"]
[SourceQuality "1"]

1. d4 Nf6 2. c4 g6 3. Nc3 Bg7 4. e4 d6 5. Nf3 0-0 6. Be2 e5 7. dxe5 dxe5 8. Qxd8 Rxd8 9. Bg5 c6 10. Nxe5 Re8 11. 0-0-0 Nxe4 12. Nxe4 Bxe5 13. Rhe1 Bf5 14. Ng3 Bxg3 15. hxg3 Nd7 16. g4 Be6 17. b3 f5 18. gxf5 Bxf5 19. Kb2 Ne5 20. Kc3 Re6 21. f4 Ng4 22. Bxg4 Bxg4 23. Rxe6 Bxe6 24. Rd8+ Rxd8 25. Bxd8 Kf7 1/2-1/2

[Event "IECG TE.1999.P.00204 email"]
[Site "IECG email"]
[Date "1999.12.10"]
[Round "?"]
[White "Fabri, Peter"]
[Black "Sadler, Craig"]
[Result "1-0"]
[WhiteElo "1800"]
[BlackElo "547"]
[PlyCount "43"]
[EventDate "1999.12.10"]
[EventType "tourn (corr)"]
[EventRounds "12"]
[SourceTitle "Corr 2008"]
[Source "ChessBase"]
[SourceDate "2008.06.24"]
[SourceVersion "1"]
[SourceVersionDate "2008.06.24"]
[SourceQuality "1"]

1. c4 e5 2. Nc3 Nf6 3. Nf3 Nc6 4. g3 Bc5 5. Nxe5 Bxf2+ 6. Kxf2 Nxe5 7. e4 c5 8. d4 cxd4 9. Qxd4 0-0 10. Bf4 d6 11. h3 b6 12. Bg2 Re8 13. Rhd1 Ba6 14. b3 Rc8 15. Qxd6 Qxd6 16. Rxd6 Rcd8 17. Bxe5 Rxd6 18. Bxd6 Rd8 19. e5 Ne8 20. Rd1 Nxd6 21. Rxd6 Rxd6 22. exd6 1-0

[Event "IECG TE.1999.P.00204 email"]
[Site "IECG email"]
[Date "1999.12.10"]
[Round "?"]
[White "Sarobe, Raul"]
[Black "Fabri, Peter"]
[Result "1/2-1/2"]
[WhiteElo "2200"]
[BlackElo "1800"]
[PlyCount "81"]
[EventDate "1999.12.10"]
[EventType "tourn (corr)"]
[EventRounds "12"]
[SourceTitle "Corr 2008"]
[Source "ChessBase"]
[SourceDate "2008.06.24"]
[SourceVersion "1"]
[SourceVersionDate "2008.06.24"]
[SourceQuality "1"]

1. c4 e5 2. Nc3 Nf6 3. Nf3 Nc6 4. g3 Bc5 5. Bg2 d6 6. 0-0 0-0 7. d3 Bb6 8. a3 Re8 9. Na4 Bg4 10. Nxb6 axb6 11. h3 Bf5 12. e4 Bd7 13. b3 h6 14. Bb2 Qe7 15. Nh4 Nd4 16. f4 c5 17. a4 Bc6 18. Bxd4 exd4 19. Qd2 Qc7 20. Rae1 Kh7 21. Rf2 Qd8 22. Kh2 Qd7 23. Rfe2 Re6 24. Bf3 Qe8 25. Nf5 Qd8 26. Bh1 Qc7 27. g4 Ng8 28. Rg1 Ne7 29. Nxe7 Rxe7 30. g5 hxg5 31. Rxg5 f6 32. Rh5+ Kg8 33. Rg2 Rf8 34. Qf2 Be8 35. Rh6 g6 36. Qg3 Rg7 37. Rg1 Rh7 38. Rxh7 Kxh7 39. Bf3 Rh8 40. Bg4 Kg7 41. Rg2 1/2-1/2

[Event "IECG CP.1999.P.00081"]
[Site "IECG email"]
[Date "1999.10.01"]
[Round "?"]
[White "Fabri, Peter"]
[Black "Daus, Peter"]
[Result "1/2-1/2"]
[WhiteElo "1800"]
[BlackElo "2154"]
[PlyCount "62"]
[EventDate "1999.10.01"]
[EventType "tourn (corr)"]
[EventRounds "6"]
[EventCountry "ENG"]
[SourceTitle "Corr 2008"]
[Source "ChessBase"]
[SourceDate "2008.06.24"]
[SourceVersion "1"]
[SourceVersionDate "2008.06.24"]
[SourceQuality "1"]

1. e4 e5 2. Nf3 Nc6 3. Bb5 Nf6 4. 0-0 Bc5 5. Nxe5 Nxe5 6. d4 a6 7. Ba4 b5 8. Bb3 Bxd4 9. Qxd4 d6 10. f4 c5 11. Qd1 Ng6 12. Bd5 Nxd5 13. Qxd5 Rb8 14. Qc6+ Qd7 15. Qxd7+ Kxd7 16. f5 Ne5 17. Nc3 Re8 18. Rd1 Bb7 19. Bf4 Bc6 20. Kf2 b4 21. Nd5 Nc4 22. b3 Rxe4 23. Kf3 Nb6 24. Nf6+ gxf6 25. Rxd6+ Kc7 26. Rxc6+ Kxc6 27. Kxe4 Re8+ 28. Kf3 Nd5 29. a3 Nxf4 30. Kxf4 Kb5 31. Kf3 h5 1/2-1/2

[Event "IECG CP.1999.P.00081"]
[Site "IECG email"]
[Date "1999.10.01"]
[Round "?"]
[White "Warren, John G"]
[Black "Fabri, Peter"]
[Result "0-1"]
[WhiteElo "1200"]
[BlackElo "1800"]
[PlyCount "29"]
[EventDate "1999.10.01"]
[EventType "tourn (corr)"]
[EventRounds "6"]
[EventCountry "ENG"]
[SourceTitle "Corr 2008"]
[Source "ChessBase"]
[SourceDate "2008.06.24"]
[SourceVersion "1"]
[SourceVersionDate "2008.06.24"]
[SourceQuality "1"]

1. d4 Nf6 2. Nf3 g6 3. e3 Bg7 4. Bd3 0-0 5. Nbd2 d6 6. 0-0 Nbd7 7. Qe2 e5 8. c3 Re8 9. e4 exd4 10. cxd4 d5 11. e5 c5 12. b3 cxd4 13. exf6 Rxe2 14. Bxe2 Nxf6 15. Bb2 0-1

[Event "IECG Q1.1999.0.00081"]
[Site "IECG email"]
[Date "1999.??.??"]
[Round "?"]
[White "Fabri, Peter"]
[Black "McGeary, Bill H"]
[Result "1-0"]
[WhiteElo "1800"]
[BlackElo "1875"]
[PlyCount "65"]
[EventDate "1999.06.23"]
[EventType "tourn (corr)"]
[EventRounds "6"]
[SourceTitle "Corr 2008"]
[Source "ChessBase"]
[SourceDate "2008.06.24"]
[SourceVersion "1"]
[SourceVersionDate "2008.06.24"]
[SourceQuality "1"]

1. e4 c5 2. Nf3 d6 3. Bb5+ Nd7 4. d4 Ngf6 5. Nc3 a6 6. Bxd7+ Nxd7 7. 0-0 e6 8. Bg5 Qc7 9. dxc5 Nxc5 10. Qd4 f6 11. Be3 Be7 12. a4 Nd7 13. a5 Ne5 14. Nxe5 fxe5 15. Qd2 0-0 16. Rad1 Qxa5 17. Nd5 Qxd2 18. Nxe7+ Kf7 19. Rxd2 Kxe7 20. Bg5+ Kd7 21. Rfd1 d5 22. exd5 exd5 23. Rxd5+ Ke6 24. Rc5 Bd7 25. Rc7 Bc6 26. Rxg7 Rg8 27. Re7+ Kf5 28. h4 h6 29. Rf7+ Kg4 30. f3+ Kg3 31. Bd2 Kxh4 32. Kf2 Kh5 33. Rf6 1-0